Central Library OPAC University of Rajshahi

The practice of life assurance : (Record no. 49692)

MARC details
000 -LEADER
fixed length control field 00846nam a2200241 a 4500
001 - CONTROL NUMBER
control field 49692
003 - CONTROL NUMBER IDENTIFIER
rucl marc code BD-RjUL
005 - DATE AND TIME OF LATEST TRANSACTION
control field 20211209054720.0
008 - FIXED-LENGTH DATA ELEMENTS--GENERAL INFORMATION
fixed length control field 160822s1952 enka b 001 0 eng d
035 ## - SYSTEM CONTROL NUMBER
System control number (BD-RjUL)49812
040 ## - CATALOGING SOURCE
Original cataloging agency DLC
Transcribing agency BAL
Modifying agency UKM
-- BD-RjUL
Language of cataloging eng
041 ## - LANGUAGE CODE
Language code of text/sound track or separate title eng
082 ## - DEWEY DECIMAL CLASSIFICATION NUMBER
Classification number 368.3
Author mark and year COP 1952
100 1# - MAIN ENTRY--PERSONAL NAME
Personal name Coe, N. E.
Fuller form of name (Norman Edward).
9 (RLIN) 148989
245 14 - TITLE STATEMENT
Title The practice of life assurance :
Remainder of title a text-book for actuarial students /
Statement of responsibility, etc. by N. E. Coe and M. E. Ogborn
260 ## - PUBLICATION, DISTRIBUTION, ETC. (IMPRINT)
Place of publication, distribution, etc. Cambridge :
Name of publisher, distributor, etc. Published for the Institute of Actuaries and the Faculty of Actuaries at the University Press,
Date of publication, distribution, etc. 1952
300 ## - PHYSICAL DESCRIPTION
Pagination x, 440 p. :
Illustrations ill. ;
Size 23 cm
504 ## - BIBLIOGRAPHY, ETC. NOTE
Bibliography, etc Includes bibliographies and index
650 #0 - SUBJECT ADDED ENTRY--TOPICAL TERM
Topical term or geographic name as entry element Life insurance
9 (RLIN) 148990
700 1# - ADDED ENTRY--PERSONAL NAME
Personal name Ogborn, M. E.
Fuller form of name (Maurice Edward).
942 ## - ADDED ENTRY ELEMENTS (KOHA)
Source of classification or shelving scheme Dewey Decimal Classification
Koha item type Books
Holdings
Lost status Source of classification or shelving scheme Damaged status Not for loan Collection code Permanent Location Current Location Shelving location Date acquired Source of acquisition Cost, normal purchase price Total Checkouts Full call number Date last seen Copy number Koha item type
  Dewey Decimal Classification     Non-fiction Central Library, University of Rajshahi Central Library, University of Rajshahi   18/10/1962 Zeitlinger 35.00   368.3 COP 1952 22/08/2016 C-2 Books